000
00256nam a22001217a 4500
041
_a
ENG
100
_a
narang
245
_a
Annotated Bibliogarphy on Pawer Tillers
260
_a
New Delhi
_b
Delhi
_c
1995
300
_a
143
650
_a
APE
856
_u
APE
999
_c
2597
_d
2597